| 000 | 00834nam a2200265Ia 4500 | ||
|---|---|---|---|
| 003 | OSt | ||
| 005 | 20220926015508.0 | ||
| 006 | a|||||r|||| 00| 0 | ||
| 007 | ta | ||
| 008 | 220923b |||||||| |||| 00| 0 eng d | ||
| 020 |
_a9780230226951 _c567.97000000000003 |
||
| 037 |
_b159/2011-12, 22/03/2012, CLASSIC BOOKS SERVICES _cGeneral Book |
||
| 040 |
_aRTL _cRTL _beng |
||
| 041 |
_2eng _aeng |
||
| 082 | _aX:51-8, P0;P7 | ||
| 100 |
_aBaker Michael J _9282407 |
||
| 245 | 0 | _aMarketing strategy and management | |
| 250 | _a4 | ||
| 260 |
_aNew York _bPalgrave Macmillan _c2007 |
||
| 300 |
_axviii, 577p _ccm. |
||
| 500 | _aBibliography chapterwise | ||
| 650 | _aCommerce | ||
| 942 |
_hX:51-8, P0;P7 _cGB _2CC |
||
| 999 |
_c631756 _d631756 |
||